000
00344nam a22001577a 4500
003
MPLRDC
005
20220104114359.0
008
210129b ||||| |||| 00| 0 eng d
082
_a
857.623 LR
100
_a
如人著
245
_a
海边艳尸
_c
260
_a
_b
新生出版社
_c
300
_b
平
650
_a
942
_c
BK
_o
857.623 LR
999
_c
7027
_d
7017